• 首页
  • 本馆介绍
  • 公告通知
  • 最新文献
  • 馆藏检索
  • 电子资源
  • 读者导购
  • 参考咨询
  • 我的图书馆
  • 登录
  • 详细信息显示
  • 放入我的书架
  • 预约/预借图书
  • 作者相关作品
  • 分类相关作品
  • 丛书相关作品
  • 出版社相关作品

书目信息

  • 表格格式
  • 工作单格式
  • 卡片格式
题名:
自然语言处理综论
    
 
作者: 朱拉夫斯凯 , 马丁 著 ;冯志伟 , 孙乐 译
分册:  
出版信息: 北京   电子工业出版社  2005
页数: 24,588页
开本: 26cm
丛书名:
单 册:
中图分类: H087 , TP391
科图分类:
主题词: 自然语言处理--教材 , 自然语言处理
电子资源:
ISBN: 7-121-00776-2
000 01378nam0 2200337 450
001 002934552
005 20080226104257.09
010    @a7-121-00776-2@dCNY78.00
035    @a002934552
100    @a20050616d2005 em y0chiy0110 ea
101 1  @achi@ceng
102    @aCN@b110000
105    @ay z 000yy
106    @ar
200 1  @a自然语言处理综论@Azi ran yu yan chu li zong lun@f(美)Daniel Jurafsky,(美)James H.Martin著@g冯志伟,孙乐译
210    @a北京@c电子工业出版社@d2005
215    @a24,588页@d26cm
300    @a国外计算机科学教材系列
306    @a电子工业出版社和Pearson Education培生教育出版亚洲有限公司合作出版
330    @a本书探讨了计算机处理自然语言的词汇、句法、语义、语用等各个方面的问题,介绍了自然语言处理的各种现代技术;论述了各种语言单位的自动语义分析,以及连贯文本的自动分析、对话与会话的智能代理以及自然语言生成。
510 1  @aSpeech and Language Processing@eAn Introduction to Natural Language Processing, Computational Linguistics, and Speech Recognition@zeng
606 0  @a自然语言处理@j教材
606 0  @a自然语言处理
690    @aH087@v4
690    @aTP391@v4
701  0 @c(美)@a朱拉夫斯凯@Azhu la fu si kai@c(Jurafsky, Daniel)@4著
701  0 @c(美)@a马丁@Ama ding@c(Martin, James H.)@4著
702  0 @a冯志伟@Afeng zhi wei@f(1938~)@4译
702  0 @a孙乐@Asun yue@4译
801  0 @aCN@bNLC@c20080226
905    @dH087@e153@f4
    
    自然语言处理综论/(美)Daniel Jurafsky,(美)James H.Martin著/冯志伟,孙乐译.-北京:电子工业出版社,2005
    24,588页;26cm
    国外计算机科学教材系列
    
    ISBN 7-121-00776-2:CNY78.00
    本书探讨了计算机处理自然语言的词汇、句法、语义、语用等各个方面的问题,介绍了自然语言处理的各种现代技术;论述了各种语言单位的自动语义分析,以及连贯文本的自动分析、对话与会话的智能代理以及自然语言生成。
●
相关链接 在E读中查询图书 在五车中查询图书 在当当中查询图书 在豆瓣中查询图书


正题名:自然语言处理综论     索取号:H087/153         预约/预借

序号 登录号 条形码 馆藏地/架位号 状态 备注
1 0793098   207930989   第二样本阅览室/ [索取号:H087/153] 在馆    
2 0793099   207930998   第四借阅区/ [索取号:H087/153] 在馆    
3 0793100   207931005   第四借阅区/ [索取号:H087/153] 在馆    
4 0793101   207931014   第四借阅区/ [索取号:H087/153] 在馆    
唐山师范学院图书馆 欢迎您!
大连网信软件有限公司© 版权所有